| 000 | 01204nam0a22002771 4500 | ||
|---|---|---|---|
| 001 | rc\164701 | ||
| 005 | 20030307112953.1 | ||
| 010 |
_a5-230-19380-8 _9150 |
||
| 035 | _a(NLR Aleph) 005429145 | ||
| 090 |
_a7558608 _c7558608 |
||
| 100 | _a20030307d1995 u |0rusy50 ca | ||
| 101 | 0 | _arus | |
| 102 | _aRU | ||
| 105 | _aa ||||||||| | ||
| 200 | 1 |
_aОсновы экологии _eВвед. в спец. "Охрана окружающей среды и рацион. использ. природ. ресурсов" _eУчеб. пособие _fВ.И. Косов, Г.М. Ходяков, В.Н. Иванов _gГос. Ком. Рос. Федерации по высш. образованию. Твер. гос. техн. ун-т |
|
| 210 |
_aТверь _cТвер. гос. техн. ун-т _d1995 |
||
| 215 |
_a96 с. _cсхем. _d20 |
||
| 320 | _aБиблиогр.: с. 92 | ||
| 700 | 1 |
_aКосов _bВ. И. _gВладимир Иванович |
|
| 701 | 1 |
_aХодяков _bГ. М. _gГеоргий Михайлович |
|
| 701 | 1 |
_aИванов _bВ. Н. _gВалерий Николаевич |
|
| 801 | 0 |
_aRU _bNLR _gpsbo |
|
| 801 | 1 |
_aRU _bELAR _2rusmarc |
|
| 852 |
_aNLR _j96-4/581 |
||
| 942 | _cBOOK | ||
| 980 | _aNB | ||